Rivalry : (Record no. 597485)

MARC details
000 -LEADER
fixed length control field 00485nam a2200193 a 4500
008 - FIXED-LENGTH DATA ELEMENTS--GENERAL INFORMATION
fixed length control field 251113s2007##################000#0#eng##
020 ## - INTERNATIONAL STANDARD BOOK NUMBER
ISBN 9780231141185
082 04 - DEWEY DECIMAL CLASSIFICATION NUMBER
Classification number 895.6344NAG
100 1# - MAIN ENTRY--AUTHOR NAME
Personal name Nagai, Kafū,
245 10 - TITLE STATEMENT
Title Rivalry :
260 ## - PUBLICATION, DISTRIBUTION, ETC. (IMPRINT)
Name of publisher Columbia University Press,
Year of publication 2007.
300 ## - PHYSICAL DESCRIPTION
Number of Pages 196 pages
650 #0 - SUBJECT ADDED ENTRY--TOPICAL TERM
Topical Term Education.
942 ## - ADDED ENTRY ELEMENTS (KOHA)
Koha item type English Books
Holdings
Withdrawn status Lost status Damaged status Not for loan Home library Current library Date acquired Full call number Accession Number Price effective from Koha item type
        Anna Centenary Library Anna Centenary Library 14.11.2025 895.6344NAG 168045 14.11.2025 English Books

Find us on the map